Baguios o ciclones filipinos (Registro nro. 22246)

Detalles MARC
000 -LEADER
campo de control de longitud fija 00641nam a2200193 i 4500
001 - NÚMERO DE CONTROL
campo de control 22246
003 - IDENTIFICADOR DE NÚMERO DE CONTROL
campo de control ES-MaACL
005 - FECHA Y HORA DE LA ÚLTIMA TRANSACCIÓN
campo de control 20230906152645.0
007 - CAMPO FIJO DE DESCRIPCIÓN FÍSICA--INFORMACIÓN GENERAL
campo de control de longitud fija t|
008 - DATOS DE LONGITUD FIJA--INFORMACIÓN GENERAL
campo de control de longitud fija 021202s1897 phl ||||1| spa d
100 1# - ENTRADA PRINCIPAL--NOMBRE DE PERSONA
Nombre de persona Algué, José.
9 (RLIN) 19906
245 10 - MENCIÓN DEL TÍTULO
Título Baguios o ciclones filipinos
Resto del título : estudio teórico-práctico /
Mención de responsabilidad, etc. por José Algue.
260 ## - PUBLICACIÓN, DISTRIBUCIÓN, ETC.
Lugar de publicación, distribución, etc. Manila :
Nombre del editor, distribuidor, etc. [s.n.,
Fecha de publicación, distribución, etc. 1897] (
Fabricante Imp. Privada del Observatorio)
300 ## - DESCRIPCIÓN FÍSICA
Extensión XII, 308 p., 4 lám. :
Otras características físicas il. ;
Dimensiones 27 cm.
500 ## - NOTA GENERAL
Nota general Precede al tít.: Observatorio de Manila.
650 #4 - PUNTO DE ACCESO ADICIONAL DE MATERIA--TÉRMINO DE MATERIA
Término de materia o nombre geográfico como elemento de entrada Ciclones-
Subdivisión geográfica Filipinas.
9 (RLIN) 156716
710 2# - ENTRADA AGREGADA--NOMBRE DE ENTIDAD CORPORATIVA
Nombre de entidad corporativa o nombre de jurisdicción como elemento de entrada Observatorio de Manila.
9 (RLIN) 6008
852 ## - LOCALIZACIÓN
Ubicación ES-MaACL
Número de control de estantería G-9954
Existencias
Estatus retirado Estado de pérdida Estado de daño No para préstamo Colección Biblioteca de origen Biblioteca actual Ubicación en estantería Fecha de adquisición Fuente de adquisición Total de préstamos Signatura topográfica completa Código de barras Visto por última vez Precio de reemplazo Tipo de ítem Koha
        Libros del s. XIX Biblioteca del Ateneo de Madrid Biblioteca del Ateneo de Madrid Sala Pecera Planta 3 17/01/2008     G-9954 1022896 23/02/2023 23/02/2023 Libro impreso antiguo